Código criminal de la Señora de la Vela Verde... comparado con las sabias leyes de la Constitución, de la monarquía española...

Detalles Bibliográficos
Formato: Libro
Publicado: México 1820
Materias:
Colección:Banco de datos
Acervo:Biblioteca Nacional de Antropología e Historia. Fondo Conventual
Tema general:Derecho Civil
Notas:Mala. VI, 8, 12.Encuadernada con cinco obras diferentes. No presenta portada, los datos fueron extraídos de la primera página y del colofón. Impreso por Rosa Sáenz de 1820
LEADER 00866nam a22001810004500
035 |a 16931 
036 |a 4477 
245 1 0 |a Código criminal de la Señora de la Vela Verde... comparado con las sabias leyes de la Constitución, de la monarquía española... 
260 |a México  |b Alejandro Valdéz  |c 1820 
500 |a Mala. VI, 8, 12.Encuadernada con cinco obras diferentes. No presenta portada, los datos fueron extraídos de la primera página y del colofón. Impreso por Rosa Sáenz de 1820 
650 1 0 |a Derecho Civil 
949 |a B.N.A.H. 
959 |a Biblioteca Nacional de Antropología e Historia. Ciudad de México  |b CCC1 
960 |a Colección General de B.N.A.H. de la ciudad de México  |b DD58 
961 |a Varias Ordenes Religiosas  |b VO 
942 |c B.N.A.H. 
943 |g Biblioteca Nacional de Antropología e Historia. Fondo Conventual 
999 |c 1041463  |d 1041463